[Event "Tata Steel-A 79th"]
[Site "Wijk aan Zee"]
[Date "2017.01.28"]
[Round "12"]
[White "Eljanov, Pavel"]
[Black "Carlsen, Magnus"]
[Result "0-1"]
[WhiteElo "2755"]
[BlackElo "2840"]
[Annotator "Sadorra,Julio"]
[PlyCount "120"]
[EventDate "2017.01.14"]
[EventType "tourn"]
[EventRounds "13"]
[EventCountry "NED"]
[EventCategory "21"]
[SourceTitle "CBM 177"]
[Source "ChessBase"]
[SourceDate "2017.03.16"]
[SourceVersion "1"]
[SourceVersionDate "2017.03.16"]
[SourceQuality "1"]

1. d4 e6 2. c4 f5 3. g3 Nf6 4. Bg2 d5 5. Nf3 Bd6 6. Nc3 c6 {For a must-win game, it is interesting that the Magnus chooses the Dutch Stonewall which is also part of the repertoire of other World Champions such as Steinitz, Alekhine, Botvinnik, Petrosian etc!} 7. Bf4 ({The most common way to continue here is} 7. O-O O-O 8. Bf4 (8. Qc2) 8... Bxf4 9. gxf4 Nbd7 {leading to similar paths as in the game.}) 7... Bxf4 8. gxf4 O-O 9. e3 Bd7 {This is one of the typical ways to develop the famous or infamous, depending on your perspective and experience, Stonewall bishop.} ({Another way to bring it out is} 9... b6 10. O-O Bb7 (10... Ba6 $6 11. Ne5 {now Black cannot develop the b8-knight.} Nfd7 12. b3 $1 $14 Nxe5 13. dxe5 dxc4 14. Qxd8 Rxd8 15. b4 $1 {shutting out the black bishop followed by exploiting the development advantage and weak a8-h1 diagonal is the idea behind b2-b3.}) 11. Ne5 Nbd7 12. Rc1 Qe7 {with a solid position.} (12... Ne4 $5 {is also playable.})) ({RR} 9... b6 10. Ne5 Bb7 11. Rc1 Nbd7 12. Qa4 Nxe5 13. fxe5 Ne4 14. cxd5 cxd5 15. Ne2 Rc8 16. Rxc8 Qxc8 17. f3 Bc6 18. Qb4 Ng5 19. Kd2 Qd7 20. Rc1 Rc8 21. Nf4 Nf7 22. Bf1 Nd8 23. Ba6 Bb7 24. Bb5 {Ding,L (2801)-Carlsen,M (2870) Kolkata 2019 1-0 (39)}) ({RR} 9... Nbd7 10. Qc2 Qe7 11. cxd5 exd5 12. O-O-O Ne4 13. Kb1 Ndf6 14. Ne5 Be6 15. f3 Nxc3+ 16. Qxc3 Nd7 17. h4 Nxe5 18. fxe5 f4 19. e4 Qf7 20. a3 dxe4 21. fxe4 f3 22. Bf1 Rad8 23. Bd3 f2 24. Ka1 {Krush,I (2367)-Sandipan,C (2482) Abu Dhabi UAE 2025 0-1}) 10. Qb3 Qc7 $146 ({RR} 10... Qb6 11. Ne5 Be8 12. Qxb6 axb6 13. b3 Nbd7 14. Nxd7 Nxd7 15. Kd2 Kf7 16. a4 Nf6 17. Rhg1 Rg8 18. Ne2 Ne4+ 19. Bxe4 fxe4 20. c5 bxc5 21. dxc5 Bd7 22. Rg2 Kf6 23. Kc3 Rae8 24. a5 Bc8 25. Nd4 {Pert,R (2430)-Cox,J (2423) Birmingham 2006 1-0 (40)}) ({RR} 10... Qb6 11. Qa3 Na6 12. Ne5 Qb4 13. Qxb4 Nxb4 14. Rb1 Be8 15. Kd2 Nd7 16. Nxd7 Bxd7 17. a3 Na6 18. cxd5 cxd5 19. Nxd5 Rab8 20. Nc3 Rfc8 21. Rhc1 Nc7 22. Na2 Ne8 23. Rxc8 Bxc8 24. Nb4 Kf7 25. Nd3 {Markus,R (2477)-Boguszlavszkij,J (2285) Balatonlelle 2002 1-0 (51)}) 11. O-O Be8 12. Rfc1 {White now starts to make threats before Black finishes development which can bring him closer to equality.} Qe7 (12... Bh5 $4 13. cxd5 exd5 14. Nxd5 $18) 13. Qa3 $1 {One of the well-known ideas in the Stonewall for White is to trade off Black's good dark-squares bishop in order to weaken the dark squares and sometimes even leave Black with the "worse minor piece." Eljanov rightfully extends this idea by trading off Black's queen which was serving the same function of the aforementioned bishop.} ({Another good way to increase the advantage is to simply keep improving his pieces and prepare the a3 idea or a queenside expansion.} 13. Ne5 Bh5 14. Rab1 Na6 (14... Kh8 15. Qa3 $1) 15. cxd5 $5 (15. Qa3 Nb4) 15... exd5 (15... cxd5 16. Qa3 Nb4 17. Nb5 $16 {with a clear plan of invasion.}) 16. Qc2 Ne4 17. b4 $36 {with an easy plan of using the minority attack.}) (13. Rab1 $5 $14) 13... Qxa3 14. bxa3 Nbd7 15. Rab1 {White has successfully transformed a slightly better middlegame into superior endgame position.} Rb8 16. a4 $1 {a nice prophylactic move - it both prepares to meet ...b6 and plans to further weaken the queenside pawns in the future.} a5 (16... Nb6 17. c5 (17. Bf1 $5) 17... Nc4 {now the a-pawn is not under attack!} 18. Bf1 $1 (18. Ne5 Na5 19. Rb4 Nd7) 18... Na5 19. Rb4 $14 {and Black will have to be very careful and alert in this complex ending as White has a dangerous plan of doubling on the b-file and then bringing his knight to b3!}) 17. Rb2 Ne4 $6 ({It was objectively better to do "trench warfare" with} 17... Bh5 18. Ne5 (18. Rcb1 $2 Bxf3 19. Bxf3 b6 {and there's no way to break through Black's fortress.}) 18... Rfc8 19. Rcb1 b6 20. Bf1 Be8 {but it's probably too deressing for Carlsen's taste.}) 18. Nxe4 dxe4 19. Ng5 $1 {The right square and plan.} (19. Ne5 Nxe5 20. dxe5 (20. fxe5 c5 $1 $132 {and things start to look complicated for White. Just look at Black's famous/infamous bishop!} 21. d5 Bxa4 22. Rcb1 $2 b5 $1 $15) 20... c5) 19... Rf6 20. f3 $1 {this pawn break is all part of the plan. Because if not, then what is the future of his knight after h7-h6??} h6 21. Nh3 exf3 22. Bxf3 Rf7 23. Nf2 c5 24. Nd3 $1 {Eljanov has been playing excellently, exercising good control on the board and on his clock. He has 30 min left to Magnus's 39 min in a great position that he knows he's fully capable of winning.} cxd4 25. exd4 Nf6 26. Nc5 ({Another way to step up the pressure is to prepare the march of the future passed c-pawn:} 26. Ne5 Rc7 27. c5 $1 (27. Rcb1 Rd8 {gives Black some counterplay}) 27... Bxa4 (27... Rd8 28. Rxb7 Rxb7 29. Bxb7 Rxd4 30. c6 $18) 28. Rcb1 $16) 26... Ne4 27. Nxe6 Bxa4 28. d5 Bd7 29. Bxe4 $6 {A misjudged exchange. It's not disastrous, but it already allows Black counterplay in the form of piece activity.} fxe4 30. Nc5 Bg4 31. Re1 {All part of Eljanov's plan connected to his decision to trade on move 29, at least according to the quick pace at which he played the moves.} Rc8 $1 {This is most probably what he missed in his analysis as he now stopped for 10 minutes before making his next move.} 32. Nxe4 Rxf4 {Just look at Black's pieces now compared to when they were living under the Stonewall bridge, say around move 22.} 33. Nd6 Rcf8 $1 {Magnus now starts playing quickly and more confidently.} 34. Rb3 {Eljanov now starts to switch to more solid play.} (34. Rxb7 $4 Bh3 35. Rbb1 Rg4+ 36. Kh1 Bg2+ 37. Kg1 Be4# {is one line that shows the dynamic power of Black's pieces, thus the game move.}) 34... R8f6 35. Ne4 Rg6 36. Rg3 b6 $1 {a nice little move that makes a big impact as it makes it difficult for White to push his passed pawn in the future.} 37. d6 $6 {a risky decision.} ({I think it's best to go for waiting tactics especially as the time control is approaching:} 37. Nd2 Bf5 {and White at least has a sure way to keep the balance.} (37... Rgf6 38. Ne4) (37... Kh7 38. Re4 $1) 38. Rxg6 Bxg6 39. Re6 $11) 37... Kh7 38. Nf2 $2 {Panic sets in as Eljanov tries to make the time control with 2 minutes left.} (38. Ree3 $142) ({or} 38. h4 $5 Bf5 39. h5 $1 Rxg3+ 40. Nxg3 $13) 38... Rxc4 39. Nxg4 Rgxg4 40. Rxg4 Rxg4+ 41. Kf2 Rd4 42. Re6 Kg8 {Suddenly, it is White that must play for a draw.} 43. Ke3 Rd1 44. d7 {The best chance to obtain drawing chances as holding on to the pawn only makes things worse for White.} ({E.g.} 44. Ke4 Kf7 ({Not} 44... Re1+ $4 45. Kd5 Rxe6 46. Kxe6 Kf8 47. d7 $4) 45. Re7+ Kf6 46. Rd7 h5 47. Rd8 (47. h4 g6 $1 48. Rd8 Ke6 49. Rg8 (49. Re8+ Kd7 $19) 49... Rg1 50. Rd8 Rg4+ {netting another pawn.}) 47... Ke6 48. Rg8 (48. Re8+ Kd7 49. Re7+ Kxd6 50. Rxg7 Rd2 {similar to the mainline}) 48... Rd2 $1 {the enemy passed pawn isn't going anywhere!} (48... Rxd6 49. Rxg7 Rd2 50. Rg6+ {is a big difference}) 49. Rxg7 Kxd6 $19) 44... Rxd7 45. Rxb6 Rd5 {At this point of the game, one can't help but stop and wonder at how Magnus was able to turn the game around against a strong strategic player!} 46. Rb2 Kh7 47. Ke4 Rh5 48. Kf4 Rh4+ 49. Kg3 g5 50. Rb7+ Kg6 51. Rb6+ Kh5 52. h3 Ra4 53. Rc6 ({Defending the a-pawn doesn't help either.} 53. Rb2 Ra3+ 54. Kg2 Kh4 $19) 53... Ra3+ 54. Kg2 Rxa2+ 55. Kg3 a4 56. Ra6 a3 57. Kf3 Rb2 58. Kg3 (58. Rxa3 Kh4 $19 {and the h-pawn falls.}) 58... a2 59. Kf3 a1=Q 60. Rxa1 Kh4 {And because there's nothing White can do to hold on to his h-pawn, Black resigns. An very important win for the current World Champion, setting up a tense and dramatic finale in the last round!} 0-1

[Event "Grenke Chess Classic 4th"]
[Site "Karlsruhe/Baden-Baden"]
[Date "2017.04.15"]
[Round "1"]
[White "Bluebaum, Matthias"]
[Black "Carlsen, Magnus"]
[Result "1/2-1/2"]
[WhiteElo "2634"]
[BlackElo "2838"]
[Annotator "Szabo,Krisztian"]
[PlyCount "117"]
[EventDate "2017.04.15"]
[EventType "tourn"]
[EventRounds "7"]
[EventCountry "GER"]
[EventCategory "20"]
[SourceTitle "CBM 178"]
[Source "ChessBase"]
[SourceDate "2017.05.14"]
[SourceVersion "1"]
[SourceVersionDate "2017.05.14"]
[SourceQuality "1"]

1. d4 {ChessBase II} d6 2. Nf3 g6 3. c4 Bg7 4. Nc3 Nf6 5. e4 O-O 6. h3 Na6 (6... e5 {is the most popular main line.}) 7. Be3 c5 (7... e5 {is the other variation.}) 8. Be2 (8. d5 {is more common. However 8.e2 must not be worse.}) ({RR} 8. d5) 8... cxd4 9. Nxd4 Nc5 10. Qc2 b6 11. O-O (11. b4 $5 {is an interesting choice. White doesn't want to allow ...b7 to attack the e4-pawn.} Ne6 12. Nb3 (12. Rd1 $5) ({The careless} 12. O-O $6 {could have been met by} Ng4 $1 13. hxg4 ({or} 13. Nxe6 Nxe3 $15) 13... Nxd4 $36 {and Black looks nicely placed.}) 12... a5 13. bxa5 bxa5 14. a4 Nd7 15. Rd1 Ba6 16. O-O Rc8 17. Nd5 Nec5 $132 {Granda Zuniga-Maze, Sitges 2015, and Black looks fine.}) 11... Bb7 12. Bf3 Rc8 13. Rad1 {The natural developing move.} (13. b4 $5 {was a good alternative again,} Na6 (13... Ncd7 $6 14. e5 $1) (13... Ne6 14. Nxe6 fxe6 15. Qb3 {and White's structure is better, his position looks more tempting.}) 14. Qb3 Qc7 {Now the c4-pawn is indefensible, so White has to find tactical counterplay.} 15. Rac1 $1 Qxc4 ({If Black doesn't capture the pawn with} 15... Qb8 16. Nd5 $36 {and White has gained some space, his position is powerful.}) 16. e5 Qxb3 17. axb3 $1 Bxf3 18. exf6 Bxf6 19. gxf3 Nxb4 {and Black has three pawns for the knight, but after} 20. Rfd1 $14 {White is slightly better.}) ({RR} 13. b4 Ncd7 14. e5) 13... Qc7 14. b3 Qb8 15. Rfe1 $146 ({RR} 15. Qb1 Rfe8 16. Rfe1 a6 17. a4 e6 18. Nde2 Bc6 19. Bf4 Red8 20. Nd4 Bb7 21. Bg3 ({RR} 21. Nde2) 21... Ncd7 22. Be2 Qa8 23. Bf1 Ne5 {½-½ (23) Cramling,P (2454)-Gukesh,D (2533) Brest 2019 CBM 190 Extra [ChessBase II]}) 15... Rfe8 16. Bc1 a6 17. Qe2 e6 {Black has followed a natural plan and he wants to play ...d5 at a good moment.} 18. Bb2 Rcd8 (18... d5 $5 {was an interesting option to break in the centre,} 19. exd5 exd5 20. Qc2 dxc4 21. bxc4 $11 {with an equal position. Probably Carlsen wanted to keep the tension.}) 19. Qc2 Qa8 20. Qe2 {White doesn't find any plans, he is trying to hold the position.} h5 (20... d5 $5 {was possible again,} 21. exd5 exd5 22. Qf1 (22. Qc2 $2 {is bad now, as} Rxe1+ 23. Rxe1 dxc4 $17 {and the d4-knight is hanging.}) 22... dxc4 23. Qxc4 $11 {and they exchanged the central pawns.}) 21. Ba1 Ncd7 (21... d5 {is similar to the analysis of the 18th and 20th moves.}) 22. g3 (22. Nc2 {was more solid, however} Ne5 {and Black takes the f3-bishop.}) 22... d5 $1 {The typical break-through in the hedgehog structure.} 23. Bg2 {It is a cool-blooded reply, now Black has a lot of tempting possibilities.} e5 ({Probably} 23... dxe4 $5 {was the most precise,} 24. Nxe4 Nxe4 25. Bxe4 Bxe4 26. Qxe4 Qxe4 27. Rxe4 Ne5 28. Re3 Rd6 $15 {Black has a comfortable endgame.}) 24. Nc2 dxe4 (24... d4 25. Nd5 {gives good counterplay for White.}) 25. Nxe4 Nxe4 26. Bxe4 Bxe4 27. Qxe4 Qxe4 28. Rxe4 Nc5 29. Ree1 Nd3 30. Re3 e4 31. Bxg7 Kxg7 32. Ne1 {White would like to exchange for a  endgame, which gives the best chance of a draw.} ({In case of} 32. f3 Nc5 33. Rxd8 Rxd8 34. b4 Ne6 35. fxe4 Ng5 36. h4 Rd2 $1 $15 {and White has to fight to equalise.}) 32... Nc5 $15 {Black's position is more tempting, but with White's accurate play he will hold the endgame.} 33. Rxd8 Rxd8 34. b4 $1 {The best practical chance.} Nd3 35. Rxe4 Nxb4 36. a3 Nc6 37. Nc2 Rd1+ 38. Kg2 a5 39. Ne3 Ra1 40. Nd5 Rxa3 41. Nxb6 {It is good to simplify the position for White, because he has more chance to equalise.} Rc3 42. Re8 Rb3 43. c5 Rc3 44. Na4 Rc4 45. Rc8 $1 Ne5 46. Nb6 Rc2 47. Nd5 {White is active, so probably Black can't avoid the exchange of the a- and c-pawns.} a4 48. Ne3 Rc3 49. Nd5 Rc1 50. Ra8 Rxc5 51. Ne3 {Black can't protect the a4-pawn.} Nc4 52. Rxa4 Nxe3+ 53. fxe3 Rc2+ 54. Kf3 g5 55. Ra5 f6 56. e4 Rc3+ 57. Kf2 Rc2+ 58. Kf3 Rc3+ 59. Kf2 {Nice defending technique by White!} 1/2-1/2

[Event "Grenke Chess Classic 4th"]
[Site "Karlsruhe/Baden-Baden"]
[Date "2017.04.20"]
[Round "5"]
[White "Meier, Georg"]
[Black "Carlsen, Magnus"]
[Result "0-1"]
[WhiteElo "2621"]
[BlackElo "2838"]
[Annotator "Moradiabadi,Elshan"]
[PlyCount "82"]
[EventDate "2017.04.15"]
[EventType "tourn"]
[EventRounds "7"]
[EventCountry "GER"]
[EventCategory "20"]
[SourceTitle "CBM 178"]
[Source "ChessBase"]
[SourceDate "2017.05.14"]
[SourceVersion "1"]
[SourceVersionDate "2017.05.14"]
[SourceQuality "1"]

1. d4 Nf6 2. c4 g6 3. Nc3 d5 {Not sure whether I should consider this a surprise or not. However, when I first saw the first three moves I thought the world champion was actually opting for a King's Indian Defence!} 4. Nf3 Bg7 5. g3 $5 {An interesting line!} (5. cxd5 Nxd5 6. g3 {is also very interesting!}) 5... dxc4 6. Qa4+ Nfd7 $1 {The best move but very well-known!} 7. Qxc4 Nb6 8. Qd3 O-O ({RR} 8... Nc6 9. Be3 O-O 10. Bg2 Nb4 11. Qd1 Bf5 12. O-O Nc2 13. Rc1 Nxe3 14. fxe3 Bh6 15. e4 Bxc1 16. Qxc1 Bg4 17. e3 Bxf3 18. Bxf3 e5 19. Rd1 Qf6 20. Kg2 Rad8 21. d5 a6 22. b3 h5 23. Rf1 {Kashefi,A (2188)-Mekhitarian,K (2560) chess.com INT 2024 0-1 (60)}) 9. Bf4 (9. Bg2 Nc6 $15) 9... Nc6 10. Rd1 $146 {I'm not a fan of this move. I understand that White is trying to protect d4 with d1 but that costs him too many tempi. Instead, I think White should have tried to get his king to safety as soon as possible.} (10. Bg2 Nxd4 11. Nxd4 e5 $1 (11... Qxd4 12. Qxd4 Bxd4 13. Nb5 Bxb2 14. Rb1 a6 15. Rxb2 axb5 16. Rxb5 Bd7 17. Re5 Bc6 18. Bxc6 bxc6 19. Rxe7 Nd5 20. Re4 Rfe8 21. Rxe8+ Rxe8 22. Kd2 Nxf4 23. gxf4 Re4 24. e3 Ra4 25. Ra1 Kf8 26. Kc3 Ke7 27. Kb3 Ra5 28. Rc1 Rb5+ 29. Kc3 Rc5+ 30. Kd2 Rxc1 31. Kxc1 Kf6 32. Kd2 g5 33. fxg5+ Kxg5 34. f4+ Kg4 35. Kd3 Kf3 36. f5 f6 37. a4 h5 38. a5 h4 39. a6 h3 40. e4 Kg2 41. Ke2 Kxh2 42. Kf2 c5 43. e5 c4 44. exf6 c3 45. f7 c2 46. f8=Q c1=Q {1/2-1/2 (46) Bruedigam,M (2312)-Lagunow,A (2441) Germany 2013}) 12. Bxe5 (12. Ndb5 Qxd3 13. exd3 exf4 14. Nxc7 Rb8 15. O-O fxg3 16. hxg3 Rd8 $17 {1/2-1/2 (59) Huebner, R (2595)-Topalov,V (2750) Dortmund 1996}) 12... Bxe5 13. Rd1 Qe7 14. O-O c6 $15) ({RR} 10. Bg2 Nxd4 11. Nxd4 Qxd4 12. Qxd4 Bxd4 13. Nb5 Bxb2 14. Rb1 a6 15. Rxb2 axb5 16. Rxb5 Bd7 17. Re5 Bc6 18. Bxc6 bxc6 19. Rxe7 Nd5 20. Re4 Rfe8 21. Rxe8+ Rxe8 22. Kd2 Nxf4 23. gxf4 Re4 24. e3 Ra4 {Bruedigam,M (2312)-Lagunow,A (2441) Germany 2013 ½-½ (46)}) 10... Bf5 11. Qd2 Bg4 12. Bg2 $2 {This is too much.} (12. Ne5 Nxe5 13. Bxe5 Bxe5 14. dxe5 Qxd2+ 15. Rxd2 Nc4 16. Rd4 Nxe5 17. Re4 f6 18. Bg2 {may give White some chances.}) 12... Bxf3 13. Bxf3 Nxd4 14. Bxb7 Nc4 15. Qc1 Rb8 16. b3 Rxb7 17. bxc4 c5 18. O-O Rb4 {You know things are going really bad when every natural move for Black poses serious problems for White.} 19. Bh6 Bxh6 20. Qxh6 Rxc4 21. Ne4 Nxe2+ 22. Kg2 Qa8 23. f3 Rxe4 $1 {Strong and forced otherwise g5 was a threat.} 24. fxe4 Qxe4+ 25. Kf2 Nd4 26. Qe3 Qd5 27. Rd2 e5 {The game is over. The rest is just an agony.} 28. Re1 Re8 29. Qe4 Qe6 {No exchange this time.} 30. Re3 Kg7 31. Rb2 c4 32. g4 Qf6+ 33. Ke1 Qg5 34. Kf2 Re6 35. Ke1 h5 36. h3 Rf6 37. Kd2 Rf4 38. Qxe5+ {I am sure Meier had seen the end but decided to give the joy of geometry to the spectators.} Qxe5 39. Rxe5 Nf3+ {Fork number 1.} 40. Ke3 Nxe5 41. Kxf4 Nd3+ {And fork number 2 decides the game!} 0-1

[Event "Grenke Chess Classic 4th"]
[Site "Karlsruhe/Baden-Baden"]
[Date "2017.04.21"]
[Round "6"]
[White "Naiditsch, Arkadij"]
[Black "Carlsen, Magnus"]
[Result "1/2-1/2"]
[WhiteElo "2702"]
[BlackElo "2838"]
[PlyCount "83"]
[EventDate "2017.04.15"]
[EventType "tourn"]
[EventRounds "7"]
[EventCountry "GER"]
[EventCategory "20"]
[SourceTitle "CBM 178"]
[Source "ChessBase"]
[SourceDate "2017.05.14"]
[SourceVersion "1"]
[SourceVersionDate "2017.05.14"]
[SourceQuality "1"]

1. d4 Nf6 2. Bf4 g6 3. Nc3 d5 4. e3 Bg7 5. h4 h5 6. Be2 O-O 7. Nf3 c5 8. dxc5 Qa5 9. O-O Qxc5 10. Nb5 a6 11. Nc7 Ra7 12. Nb5 axb5 13. Bxb8 Ra8 14. Be5 b4 $146 ({RR} 14... Bd7 15. c3 Ne4 16. Bxg7 Kxg7 17. Qd4+ Qxd4 18. Nxd4 Nd6 19. a3 Rfd8 20. Rad1 Bc6 21. g3 e6 22. Nf3 Nc4 23. Bxc4 dxc4 24. Nd4 e5 25. Nxc6 bxc6 26. e4 Kf8 27. Kg2 Kg7 28. Kg1 Kf8 29. Kg2 {Prashanth J Naik (1962)-Mummana Venkata Ruthvik (2201) Ahmedabad IND 2025 ½-½}) 15. Bd4 Qa5 16. c3 Bg4 17. Qb3 bxc3 18. Bxc3 Qc7 19. Rac1 Qd8 20. Rfd1 e6 21. Bb4 Re8 22. Bb5 Nd7 23. e4 Bxf3 24. Qxf3 Ne5 25. Qh3 Nc6 26. exd5 exd5 27. Rxc6 bxc6 28. Bxc6 Rxa2 29. Bxd5 Kh7 30. Qf3 Rxb2 31. Bxf7 Rxb4 32. Rxd8 Rxd8 33. g3 Rb6 34. Bxg6+ Rxg6 35. Qxh5+ Rh6 36. Qf5+ Kh8 37. Kg2 Rf6 38. Qh5+ Kg8 39. Qe2 Rdf8 40. Qc2 Rxf2+ 41. Qxf2 Rxf2+ 42. Kxf2 1/2-1/2

[Event "Norway Chess 5th"]
[Site "Stavanger"]
[Date "2017.06.12"]
[Round "6"]
[White "Carlsen, Magnus"]
[Black "Vachier Lagrave, Maxime"]
[Result "1/2-1/2"]
[WhiteElo "2832"]
[BlackElo "2795"]
[PlyCount "87"]
[EventDate "2017.06.06"]
[EventType "tourn"]
[EventRounds "9"]
[EventCountry "NOR"]
[EventCategory "22"]
[SourceTitle "CBM 179"]
[Source "ChessBase"]
[SourceDate "2017.07.12"]
[SourceVersion "1"]
[SourceVersionDate "2017.07.12"]
[SourceQuality "1"]

1. d4 Nf6 2. Bf4 g6 3. Nf3 Bg7 4. e3 O-O 5. Be2 d6 6. h3 c5 7. O-O Qb6 8. Nbd2 cxd4 9. Nc4 Qc7 10. exd4 Nd5 11. Bg3 b5 ({RR} 11... Bf5 12. c3 Nd7 13. Qd2 N7f6 14. Ne3 Nxe3 15. Qxe3 Qb6 16. Nh4 Be6 17. f4 Rac8 18. f5 Bd5 19. b3 Ne4 20. Be1 Nxc3 21. Kh1 Bxd4 22. Qxe7 Rce8 23. Qg5 Nxe2 24. Rd1 f6 25. Qg4 Re4 26. Qf3 {Ozsayin,E (1827)-Mutlu,E (2024) Ankara TUR 2025 0-1 (31)}) 12. Ncd2 $146 ({RR} 12. Ne3 Nxe3 13. fxe3 a6 14. e4 Bb7 15. Bd3 e5 16. c3 Nd7 17. Qd2 Rae8 18. Rae1 Nf6 19. d5 Nd7 20. Bf2 h6 21. Be3 Kh7 22. Qf2 Rc8 23. Qh4 Qd8 24. Bg5 f6 25. Be3 Nc5 26. Bb1 a5 {Ehrke,M (2242)-Doeppner,T (2190) Germany 2000 1-0 (59)}) 12... a6 13. c3 Nc6 14. a4 Rb8 15. axb5 axb5 16. Re1 Na5 17. Qb1 Nc4 18. Qa2 Ndb6 19. b3 Nxd2 20. Qxd2 Be6 21. Bxb5 Bxb3 22. Qe2 Bd5 23. Ra3 Bf6 24. Nd2 Rfc8 25. Rea1 Ra8 26. Ba6 Nc4 27. Bxc4 Rxa3 28. Rxa3 Bxc4 29. Qxc4 Qxc4 30. Nxc4 Rxc4 31. Kf1 e5 32. Ra6 exd4 33. cxd4 Rxd4 34. Rxd6 Rxd6 35. Bxd6 h5 36. g4 hxg4 37. hxg4 Bd8 38. Ke2 f5 39. Kf3 fxg4+ 40. Kxg4 Kf7 41. f4 Be7 42. Bxe7 Kxe7 43. f5 gxf5+ 44. Kxf5 1/2-1/2